|
|
|
|
| LEADER |
00000nab a2200000 ar4500 |
| 001 |
vtls008958268 |
| 003 |
SK-MaSNL |
| 005 |
20260304033325.0 |
| 008 |
070323c2007 xo mr|p|||||||000 b|slo |
| 015 |
|
|
|a SNBRB2007/03
|2 snkbucl
|
| 038 |
|
|
|a SNKBUCL
|
| 040 |
|
|
|a SNKBUCL
|b slo
|c SNKBUCL
|e AACR2
|
| 041 |
0 |
|
|a slo
|
| 044 |
|
|
|a xo
|c SK
|
| 080 |
|
|
|a 73/76(100)
|x "19"
|2 2001
|
| 080 |
|
|
|a 7.046:73/76
|x "19"
|2 2001
|
| 080 |
|
|
|a 7.01:73/76
|2 2001
|
| 100 |
1 |
|
|a Németh, Adam
|4 aut
|9 1058999
|
| 245 |
1 |
0 |
|a Totálne umenie v storočí totalít
|c Adam Németh
|
| 600 |
1 |
7 |
|a Štrauss, Tomáš,
|d 1931-2013
|t Toto posrané 20. storočie
|2 snkbucl
|9 156398
|
| 648 |
|
7 |
|a 20. stor.
|2 snkbucl
|9 275975
|
| 650 |
0 |
7 |
|a výtvarné umenie
|2 snkbucl
|9 723
|
| 650 |
0 |
7 |
|a moderné umenie
|2 snkbucl
|9 68456
|
| 773 |
0 |
|
|t Knihy a spoločnosť
|g Štvrtý ročník, č. 2 (2007), s. 11
|x 1336-5584
|
| 852 |
|
|
|a SNK
|b KIS3GCP
|
| 999 |
|
|
|c 2647721
|d 2649651
|